Countries of South America - 15 second sprint - Statistics

General Stats
  • This quiz has been taken 245 times
  • The average score is 9 of 12
Answers on the Map
Answers color-coded by a green-red scale on the quiz's map according to % correct below.
 
Answer Stats
Answer % Correct
Brazil
92%
Argentina
87%
Chile
80%
Peru
77%
Bolivia
75%
Colombia
73%
Ecuador
68%
Venezuela
67%
Uruguay
65%
Paraguay
63%
Suriname
58%
Guyana
55%
No matching quizzes found
Score Distribution
Percent of People with Each Score
Percentile by Number Answered
Your Score History
You have not taken this quiz